[Event "Rotterdam Pathena op"]
[Site "Rotterdam"]
[Date "2015.05.05"]
[Round "4"]
[White "Van den Burg, Karel"]
[Black "Ghebreab, Elnathan"]
[Result "1-0"]
[WhiteElo "1606"]
[BlackElo "807"]
[PlyCount "126"]
[EventDate "2015.05.02"]
[EventType "swiss"]
[EventRounds "7"]
[EventCountry "NED"]
[SourceTitle "CBM 166 Extra"]
[Source "ChessBase"]
[SourceDate "2015.06.18"]
[SourceVersion "1"]
[SourceVersionDate "2015.06.18"]
[SourceQuality "1"]

1. e4 e5 2. Nf3 Nc6 3. Bc4 Nf6 4. Ng5 d5 5. exd5 Nxd5 6. d4 exd4 7. 0-0 h6 8. Nxf7 Kxf7 9. Qf3+ Kg6 10. Bxd5 Bf5 11. Be4 Bxe4 12. Qxe4+ Kf7 13. Re1 Qd7 14. Nd2 Bd6 15. Qf3+ Kg8 16. Ne4 Rf8 17. Qb3+ Rf7 18. Nxd6 Qxd6 19. Bd2 Kh7 20. Qxf7 Rf8 21. Qb3 Qc5 22. a3 d3 23. Qxd3+ Kh8 24. Be3 Qh5 25. Rad1 Ne5 26. Qe2 Qg6 27. Bd4 Nf3+ 28. Kh1 Nxe1 29. Rxe1 a6 30. Qe4 Qd6 31. Qe5 Qg6 32. Qe7 Rf7 33. Qe8+ Kh7 34. Qe4 Rf5 35. g4 Rg5 36. Qxg6+ Rxg6 37. h3 Rd6 38. Be3 Rd5 39. Kg2 h5 40. f4 hxg4 41. hxg4 Rb5 42. Bd4 g5 43. f5 Rd5 44. Bc3 Kg8 45. Re7 Rc5 46. f6 Rc4 47. Kf3 b5 48. Rg7+ Kf8 49. Rh7 a5 50. Be5 Rxc2 51. Rxc7 Rxc7 52. Bxc7 a4 53. Ke4 Kf7 54. Kf5 Kg8 55. Kxg5 Kh7 56. Kf5 Kh6 57. g5+ Kh7 58. Ke6 Kg6 59. Ke7 b4 60. axb4 a3 61. bxa3 Kh7 62. f7 Kg6 63. f8Q Kxg5 1-0

[Event "Rotterdam Pathena op"]
[Site "Rotterdam"]
[Date "2015.05.03"]
[Round "2"]
[White "Van den Burg, Karel"]
[Black "Schraa, Ger"]
[Result "1-0"]
[WhiteElo "1606"]
[BlackElo "1168"]
[PlyCount "85"]
[EventDate "2015.05.02"]
[EventType "swiss"]
[EventRounds "7"]
[EventCountry "NED"]
[SourceTitle "CBM 166 Extra"]
[Source "ChessBase"]
[SourceDate "2015.06.18"]
[SourceVersion "1"]
[SourceVersionDate "2015.06.18"]
[SourceQuality "1"]

1. e4 c5 2. d4 cxd4 3. c3 dxc3 4. Nxc3 e6 5. Nf3 Be7 6. Bc4 d6 7. 0-0 a6 8. Qe2 Nc6 9. Rd1 Bd7 10. Bf4 e5 11. Be3 Nf6 12. h3 Na5 13. Bd3 0-0 14. Rac1 Ne8 15. Nd5 Nc6 16. Bb6 Qb8 17. Rxc6 Bd8 18. Rcc1 Be6 19. Bxd8 Qxd8 20. Bc4 f5 21. exf5 Rxf5 22. Ne3 Rf6 23. Nxe5 Qe7 24. N5g4 Rf8 25. Bxe6+ Qxe6 26. Qc4 Qxc4 27. Rxc4 Rd8 28. Nd5 Rf7 29. Rdc1 Kf8 30. Rc8 Rfd7 31. Rxd8 Rxd8 32. Nc7 Rd7 33. Nxe8 Kxe8 34. Rc8+ Kf7 35. Ne3 d5 36. Kf1 g6 37. Ke2 Ke6 38. f4 Kd6 39. Ng4 Re7+ 40. Ne5 a5 41. Kd3 b5 42. Kd4 Rb7 43. Rc5 1-0

[Event "Spijkenisse op-B 3rd"]
[Site "Spijkenisse"]
[Date "2013.10.26"]
[Round "2"]
[White "Kalkman de Koster, Franzke"]
[Black "Van den Burg, Karel"]
[Result "1/2-1/2"]
[WhiteElo "1372"]
[BlackElo "1603"]
[PlyCount "97"]
[EventDate "2013.10.25"]
[EventType "swiss"]
[EventRounds "6"]
[EventCountry "NED"]
[SourceTitle "EXT 2014"]
[Source "ChessBase"]
[SourceDate "2013.11.20"]
[SourceVersion "1"]
[SourceVersionDate "2013.11.20"]
[SourceQuality "1"]

1. d4 Nf6 2. c4 g6 3. Nc3 d5 4. c5 Bg7 5. Bf4 0-0 6. Nb5 Na6 7. a3 c6 8. Nc3 Nc7 9. Nf3 Bf5 10. e3 Ne4 11. Nxe4 Bxe4 12. Nd2 Bf5 13. Be2 Ne6 14. Bg3 a5 15. 0-0 b6 16. b4 axb4 17. axb4 bxc5 18. Rxa8 Qxa8 19. bxc5 Qa2 20. Nf3 Ra8 21. h3 Nd8 22. Bd3 Bxd3 23. Qxd3 Qb2 24. Rb1 Ra1 25. Rxa1 Qxa1+ 26. Kh2 f6 27. h4 Qb2 28. Qa6 Qb7 29. Qb6 Qd7 30. Qb8 Kf7 31. Qb1 Qb7 32. Qb6 Qd7 33. Qb1 Qb7 34. Qc2 Ne6 35. h5 Qc8 36. hxg6+ hxg6 37. Kg1 Qa8 38. Qb1 Bh6 39. Nh4 Nf8 40. f4 Qc8 41. Qd3 Qg4 42. Bf2 Nh7 43. Nf3 Bg7 44. Nh2 Qc8 45. g4 f5 46. gxf5 gxf5 47. Nf3 Qe6 48. Nh4 Qe4 49. Qxe4 1/2-1/2